000 00354nam a2200145Ia 4500
008 150301s2014 xx 000 0 und d
082 _a612.015
_bC14D
100 _aDANDEKAR, SUCHETA P.
245 _aCONCISE MEDICAL BIOCHEMISTRY
250 _a3RD
260 _bELSEVIER
_aINDIA
_c2014
300 _a405
650 _aBIOCHEMISTRY
942 _2ddc
_cBK
_0170
999 _c6739
_d6739